Normal view
MARC view
- Naeem, Arslan
Entry Personal Name
001 - CONTROL NUMBER
- control field: 119910
003 - CONTROL NUMBER IDENTIFIER
- control field: NUST
005 - DATE AND TIME OF LATEST TRANSACTION
- control field: 20240117155938.0
008 - FIXED-LENGTH DATA ELEMENTS
- fixed length control field: 240117|| aca||aabn | a|a d
040 ## - CATALOGING SOURCE
- Original cataloging agency: NUST
- Transcribing agency: NUST
100 ## - HEADING--PERSONAL NAME
- Personal name: Naeem, Arslan
670 ## - SOURCE DATA FOUND
- Source citation: Work cat.: (NUST): Naeem, Arslan, Towards a Fall Detection System: A Deep Learning and Wearable Sensors Approach for the Internet-of-Healthcare-Things Applications/
